दो एकम दो / (Record no. 119410)

MARC details
000 -LEADER
fixed length control field 00958nam a22002537a 4500
005 - DATE AND TIME OF LATEST TRANSACTION
control field 20170124103133.0
010 ## - LIBRARY OF CONGRESS CONTROL NUMBER
LC control number B-075048
020 ## - INTERNATIONAL STANDARD BOOK NUMBER
Terms of availability 175.00
International Standard Book Number 8170559316
035 ## - SYSTEM CONTROL NUMBER
System control number B-075048
037 ## - SOURCE OF ACQUISITION
Source of stock number/acquisition Cen Lib/Ret
040 ## - CATALOGING SOURCE
Original cataloging agency DPL
Language of cataloging HN
082 ## - DEWEY DECIMAL CLASSIFICATION NUMBER
Classification number 821
Item number दुबेवि
100 ## - MAIN ENTRY--PERSONAL NAME
Personal name दुबे, विनय
9 (RLIN) 84755
245 ## - TITLE STATEMENT
Title दो एकम दो /
Statement of responsibility, etc विनय दुबे
246 ## - VARYING FORM OF TITLE
Title proper/short title Do ekam do
Remainder of title by Vinay Dubey
260 ## - PUBLICATION, DISTRIBUTION, ETC. (IMPRINT)
Place of publication, distribution, etc नई दिल्ली
Name of publisher, distributor, etc वाणी प्रकाशन
Date of publication, distribution, etc 2002
270 ## - ADDRESS
Address 21ए- दरिया गंज
City नई दिल्ली
Postal code 110002
300 ## - PHYSICAL DESCRIPTION
Extent 160पृष्ठ.
Dimensions 21सेमी(सजिल्द)
650 ## - SUBJECT ADDED ENTRY--TOPICAL TERM
Topical term or geographic name as entry element हिंदी साहित्य
9 (RLIN) 84756
650 ## - SUBJECT ADDED ENTRY--TOPICAL TERM
Topical term or geographic name as entry element हिंदी काव्य नाटक
9 (RLIN) 43622
650 ## - SUBJECT ADDED ENTRY--TOPICAL TERM
Topical term or geographic name as entry element hindi literature
9 (RLIN) 84757
650 ## - SUBJECT ADDED ENTRY--TOPICAL TERM
Topical term or geographic name as entry element Hindi poetic drama
9 (RLIN) 84758
942 ## - ADDED ENTRY ELEMENTS (KOHA)
Source of classification or shelving scheme Dewey Decimal Classification
Koha item type Hindi Books
Classification part 821
Call number suffix दुबेवि
Holdings
Withdrawn status Lost status Damaged status Not for loan Home library Current library Date acquired Source of acquisition Cost, normal purchase price Total Checkouts Full call number Barcode Date last seen Copy number Cost, replacement price Price effective from Koha item type
        Central Library Central Library 16/09/2015 Cen Lib/Ret 170.00   821 दुबेवि B-075048 16/09/2015 1 170.00 16/09/2015 Hindi Books

© Delhi Public Library
Hit Counter
free hit counter